Nové prístupy v hodnotení rentability zákazníkov

Ziskovosť zákazníkov. Význam vplyvu akvizície a retencie zákazníkov na rentabilitu podniku. Životný cyklus zákazníka.

Saved in:
Bibliographic Details
Main Author: Lesáková, Dagmar, 1949-
Format: Book Chapter
Language:Slovak
Subjects:
Tags: Add Tag
No Tags, Be the first to tag this record!

MARC

LEADER 00000nla$a2200000$$$4500
001 0120608
005 20240502072347.4
041 0 |a slo 
044 |a SK 
245 1 0 |a Nové prístupy v hodnotení rentability zákazníkov  |c Dagmar Lesáková 
520 |a Ziskovosť zákazníkov. Význam vplyvu akvizície a retencie zákazníkov na rentabilitu podniku. Životný cyklus zákazníka. 
610 2 0 |a marketing 
610 2 0 |a zákazníci 
610 2 0 |a firmy 
610 2 0 |a rentabilita 
610 2 0 |a zisk 
610 2 0 |a lojálnosť zákazníkov 
610 2 0 |a hodnota 
100 1 |a Lesáková, Dagmar, 1949-